000 00448nam a22001817a 4500
003 MPLRDC
005 20220104154412.0
008 210129b ||||| |||| 00| 0 eng d
082 _a876.57 MER
100 _aPROSPER MERIMEE
245 _a科西嘉的复仇
_c刘光能译
250 _a初版
260 _a
_b大地出版社
_c1978
300 _b
490 _a万卷文库. 60
650 _a法国现代小说
942 _cBK
_o876.57 MER
999 _c53968
_d53958